| 000 | 00740cam a22002533a 4500 | ||
|---|---|---|---|
| 001 | 15173 | ||
| 003 | PGUSA | ||
| 005 | 20140828083326.0 | ||
| 008 | 050225s2005||||xxu|||||s|||||000 | eng d | ||
| 040 |
_aPGUSA _beng |
||
| 042 | _adc | ||
| 050 | 4 | _aBM | |
| 100 | 1 | _aTrager, Hannah | |
| 245 | 1 | 0 |
_aPictures of Jewish Home-Life Fifty Years Ago _h[electronic resource] / _cHannah Trager |
| 260 |
_bProject Gutenberg, _c2005 |
||
| 506 | _aPublic domain in the USA. | ||
| 516 | _aElectronic text | ||
| 653 | _aJerusalem -- Social life and customs | ||
| 653 | _aJews -- Social life and customs | ||
| 653 | _aChildren -- Palestine | ||
| 830 | 0 |
_aProject Gutenberg _v15173 |
|
| 856 | 4 | 0 | _uhttp://www.gutenberg.org/ebooks/15173 |
| 942 | _cEB | ||
| 999 |
_c244428 _d244428 |
||